| Поле | Инд. | ПП | Название | Значение |
|---|---|---|---|---|
| Тип записи | a | |||
| Библиографический уровень | b | |||
| 001 | Контрольный номер | RU/IS/BASE/148578958 | ||
| 005 | Дата корректировки | 20200522190719.2 | ||
| 084 | a | Индекс другой классификации/Индекс ББК | 60.561.3; 74.48(2Рос); 60.543.172-45 | |
| 100 | 1_ | a | Автор | Бутенко И. А. |
| 245 | a | Заглавие | Способствуют ли программы высшего образования становлению гражданского общества? | |
| 504 | a | Библиография | Библиогр. ссылки | |
| 520 | a | Аннотация | Цель данной статьи - обобщить данные о социальной активности студентов и рассмотреть те возможности, которые были и имеются у высшего образования для ее повышения и развития | |
| 650 | a | Основная рубрика | высшее образование | |
| a | Основная рубрика | образование | ||
| a | Основная рубрика | политическая социология | ||
| a | Основная рубрика | профессиональное образование | ||
| a | Основная рубрика | социология | ||
| a | Основная рубрика | социология групп | ||
| 653 | a | Ключевые слова | гражданское общество | |
| a | Ключевые слова | динамика социальной активности | ||
| a | Ключевые слова | Россия | ||
| a | Ключевые слова | социальная активность | ||
| a | Ключевые слова | социальное участие | ||
| a | Ключевые слова | становление гражданского общества | ||
| a | Ключевые слова | студенты | ||
| 773 | t | Заглавие источника | Вестник Московского университета. Серия 18, Социология и политология | |
| d | Дата издания источника | 2001 | ||
| g | Прочая информация | № 4. - С. 109 - 118 | ||
| w | Контрольный № источника | RU/IS/BASE/148578751 | ||
| 901 | t | Тип документа | b |